[Event "74th RUS-ch Superfinal 2021"]
[Site "Ufa"]
[Date "2021.10.14"]
[Round "6.5"]
[White "Ponkratov, Pavel"]
[Black "Vitiugov, Nikita"]
[Result "1/2-1/2"]
[WhiteElo "2659"]
[BlackElo "2727"]
[Annotator "TA"]
[PlyCount "140"]
[EventDate "2021.10.09"]
[EventType "tourn"]
[EventCountry "RUS"]
[SourceTitle "playchess.com"]
[Source "ChessBase"]
[SourceQuality "1"]

{[%evp 10,140,-8,-6,3,0,3,-3,3,-17,-30,-18,5,5,30,2,20,6,17,0,0,-80,-76,-81,-79,-75,-75,-119,-48,-39,-42,-51,-50,-47,-32,-70,0,0,0,0,0,0,0,-4,-4,-4,-4,-5,-4,-22,0,0,0,0,0,0,0,0,0,0,0,0,0,0,0,0,0,0,0,0,0,0,0,0,0,0,0,0,-4,-5,0,0,0,0,0,0,0,0,0,0,0,0,0,0,0,0,0,0,0,0,0,0,0,0,0,0,0,0,0,0,0,0,0,0,0,0,0,0,0,0,0,0,0,0,0,0,0,0,0,0,0,0,0]} 1. d4 Nf6 2. c4 e6 3. Nc3 Bb4 4. e3 O-O 5. Bd2 b6 6. Nf3 c5 {E21: Nimzo-Indian: 4 Nf3.} 7. a3 Bxc3 8. Bxc3 Ne4 9. Bd3 (9. Qc2 {keeps more tension.} Nxc3 10. Qxc3 d6 11. Be2 Qe7 12. O-O) 9... Nxc3 10. bxc3 Bb7 11. d5 {[#]} Qf6 $146 ({Predecessor:} 11... Re8 12. O-O Ba6 13. e4 exd5 14. cxd5 d6 15. c4 Nd7 16. Qc2 h6 17. Rfe1 Ne5 {½-½ (42) Schiller,S-Freude,M (1416) Berlin 2017}) 12. Rc1 g6 13. e4 d6 14. h4 Nd7 15. h5 {[#]} (15. O-O $11 {keeps the balance.}) 15... Rae8 $1 $17 16. Kf1 g5 17. h6 Kh8 18. Nh2 Ne5 (18... Qe7 $17 19. Kg1 Ne5) 19. Ng4 $15 Nxg4 20. Qxg4 Bc8 21. Qg3 exd5 22. cxd5 Qe5 ({Black should play} 22... Re5 $15) 23. Qxe5+ $11 {The position is equal.} Rxe5 24. c4 f5 25. exf5 Bxf5 26. Bxf5 Rfxf5 {[%mdl 4096] Endgame KRR-KRR} 27. f3 Kg8 28. Kf2 Kf7 29. a4 Rf6 30. a5 bxa5 31. Ra1 Re7 32. Rxa5 Kg6 33. Ra6 Rd7 34. Rc6 Rf8 35. Kg3 Kf5 36. Ra1 Rf6 37. Rh1 Rf8 38. Ra6 Rf6 39. Ra2 Re7 40. Rb2 Rf8 41. Rb5 Kg6 42. Ra1 Rf6 43. Ra6 Ref7 44. Rb8 Kxh6 45. Rd8 Kg7 46. Rdxd6 Rxd6 47. Rxd6 {KR-KR} Rf4 $1 48. Rd7+ Kf6 49. Rxh7 Rxc4 50. Rxa7 Rd4 51. Ra6+ (51. Ra5 {looks sharper.} Rxd5 52. Ra4 Kf5 53. Rc4 Ke5 54. Kf2) 51... Ke5 52. Re6+ Kxd5 53. Rg6 c4 {[#] ...c3 is the strong threat.} 54. Rxg5+ Kc6 55. Rg8 Kb5 {Threatens to win with ...c3.} 56. Rc8 Kb4 57. f4 {White wants to play f5.} c3 58. f5 {Black must now prevent f6.} Rd1 $1 ({Much weaker is} 58... Rc4 59. Rxc4+ Kxc4 60. f6 $16) 59. Kh4 {And now f6 would win.} Rf1 60. Kg5 Kb3 61. f6 {Hoping for g4.} c2 62. g4 {Strongly threatening Kg6.} c1=Q+ ({Don't blunder} 62... Kb2 $2 63. Kg6 $18) 63. Rxc1 Rxc1 {KR-KPP} 64. f7 Rf1 65. Kg6 {aiming for g5.} Kc4 66. Kg7 Kd5 67. f8=Q Rxf8 68. Kxf8 {White wants to mate with g5.} Ke5 69. g5 {Intending g6 and mate.} Kf5 70. g6 Kxg6 {Weighted Error Value: White=0.05/Black=0.04} 1/2-1/2

[Event "74th RUS-ch Superfinal 2021"]
[Site "Ufa"]
[Date "2021.10.14"]
[Round "6.6"]
[White "Motylev, Alexander"]
[Black "Alekseenko, Kirill"]
[Result "1/2-1/2"]
[WhiteElo "2624"]
[BlackElo "2710"]
[Annotator "TA"]
[PlyCount "79"]
[EventDate "2021.10.09"]
[EventType "tourn"]
[EventCountry "RUS"]
[SourceTitle "playchess.com"]
[Source "ChessBase"]
[SourceQuality "1"]

{[%evp 11,79,35,45,1,8,4,8,0,0,0,0,-29,0,0,0,0,0,0,8,8,39,0,13,-17,22,29,50,9,35,17,14,-8,0,-36,34,34,111,74,72,47,53,8,66,18,18,18,22,23,16,17,25,25,20,20,39,45,83,106,114,0,0,0,39,0,0,0,42,0,0,0]} 1. e4 c5 2. Nf3 e6 3. d4 cxd4 4. Nxd4 Nc6 5. Nc3 {[%cal Bb1c3,Bc3e2,Be2f4,Bf4h5][%mdl 32]} Qc7 6. Be3 a6 7. g4 {B48: Sicilian: Taimanov: 5 Nc3 Qc7 6 Be3 a6 without Be2.} b5 {[%cal Bb7b5,Bb5b4][%mdl 32]} 8. Nxc6 Qxc6 9. Qd2 b4 10. Ne2 Qxe4 11. Rg1 {[#] Threatens to win with Bg2.} Qc4 12. Nf4 Qc7 13. O-O-O $36 {[%mdl 2048] White is pushing.} Nf6 {[#]} 14. Nh5 $146 ({Predecessor:} 14. Bd4 Bb7 15. Nh5 Nxh5 16. gxh5 Rg8 17. Bb6 Qc6 18. Kb1 g6 19. Bd4 a5 20. Bf6 {0-1 (52) Varga,R (2070)-Horvath,A (2501) Zalakaros 2021}) 14... Nd5 ({Don't blunder} 14... Qxh2 $2 15. Bg2 $18) 15. Bd4 Rg8 (15... Qxh2 $2 16. Rg3 $18) 16. Bd3 Bb7 (16... g6 $5 {[%cal Rg6h5]} 17. Be4 gxh5 18. Bxd5 Bb7 19. Bxb7 Qxb7 $11) 17. Kb1 O-O-O ({Avoid the trap} 17... Qxh2 $2 18. Rh1 $18) 18. Qe2 Kb8 19. Bxh7 Rh8 20. Be4 Rc8 21. f4 Bc5 {Black wants to play ...Bxd4.} 22. Bxg7 {[#]} Bxg1 (22... Rxh5 $1 $15 23. gxh5 Nxf4) 23. Bxh8 {And now Bxd5 would win.} Bb6 (23... Bxh2 $1 $14 24. Bxd5 Bxd5 25. Qxh2 Rxh8) 24. Bg7 d6 25. Bd3 a5 26. Rc1 Be3 ({Better is} 26... a4 $11) 27. Rf1 (27. Re1 {looks sharper.} a4 28. h4 Bb6 29. f5 e5 30. Nf6) 27... Qb6 28. Nf6 Nxf6 29. Bxf6 a4 30. b3 a3 31. c3 bxc3 32. Kc2 $1 Bd5 33. h4 Ka7 $1 34. h5 Rb8 {[%cal Rd5b3]} 35. Bc4 (35. Kb1 $16) 35... Be4+ $14 36. Bd3 Bd5 {[%cal Rd5b3]} (36... Bxd3+ $2 37. Qxd3 Rg8 38. h6 $18) 37. Bc4 Be4+ 38. Bd3 Bd5 {[%cal Rd5b3] ( -> ...Bxb3+!)} ({Not} 38... Bxd3+ $2 39. Qxd3 Rg8 40. h6 $18) 39. Bc4 {Bxd5 is the strong threat.} Be4+ 40. Bd3 {Weighted Error Value: White=0.18/Black=0.12} 1/2-1/2

[Event "74th RUS-ch Superfinal 2021"]
[Site "Ufa"]
[Date "2021.10.16"]
[Round "7.1"]
[White "Alekseenko, Kirill"]
[Black "Matlakov, Maxim"]
[Result "1/2-1/2"]
[WhiteElo "2710"]
[BlackElo "2682"]
[Annotator "TA"]
[PlyCount "97"]
[EventDate "2021.10.09"]
[EventType "tourn"]
[EventCountry "RUS"]
[SourceTitle "playchess.com"]
[Source "ChessBase"]
[SourceQuality "1"]

{[%evp 13,97,8,10,-9,0,0,0,0,0,-7,-7,0,0,-31,-2,-30,-37,-66,-62,-58,-19,-16,-35,-34,-18,-21,0,-41,-33,-49,-42,-20,-22,0,0,-37,-29,-52,0,-104,-96,-150,-172,-154,-143,-163,-160,-150,-163,-178,-163,-166,-115,-205,-200,-236,-220,-263,-224,-271,-210,-202,-167,-270,-258,-262,-213,-198,-131,-105,-73,-72,-70,-70,-68,-69,0,0,0,0,0,0,0,0,0,0]} 1. e4 e5 2. Nf3 Nf6 3. Nxe5 d6 4. Nf3 Nxe4 5. Nc3 Nxc3 6. dxc3 Be7 7. Be3 $1 {The main line 7.Be3 scores better than 7.Bf4.} O-O 8. Qd3 {C42: Petroff Defence: 3 Nxe5 and unusual White 3rd moves.} Nd7 9. O-O-O c6 {[#]} 10. Kb1 $146 ({Predecessor:} 10. h4 Qa5 11. Bg5 f6 12. Qe4 Rf7 13. Bc4 d5 14. Rxd5 cxd5 15. Bxd5 Nc5 16. Qc4 {0-1 (31) Rechlis,G (2525)-Zifroni,D (2440) Israel 2018}) 10... Re8 11. Be2 d5 12. c4 Nf6 13. Qb3 Qa5 14. Nd4 c5 15. Bd2 Qd8 16. Nf3 d4 17. Bd3 b6 18. c3 Bb7 19. Qc2 h6 20. Rhg1 Bd6 21. cxd4 cxd4 22. Bc1 Ne4 23. Rge1 {[%cal Rd3e4]} Nc5 24. Rxe8+ Qxe8 25. Re1 Qd8 (25... Nxd3 $15 26. Rxe8+ Rxe8) 26. b3 (26. Bh7+ $11 {remains equal.} Kh8 27. Nxd4) 26... Qf6 $17 27. Bb2 (27. h3 $142) 27... Bxf3 28. gxf3 Bxh2 29. Bh7+ Kf8 30. b4 Ne6 {[#] Threatens to win with ...g6.} 31. Be4 Rd8 32. Bd5 Nc7 (32... Bd6 $19 33. a3 g6) 33. Be4 (33. Qh7 $17 {was the only chance.} Qg6+ 34. Qxg6 fxg6 35. Be4) 33... Be5 $19 34. Bd3 Ne6 35. c5 bxc5 36. bxc5 Bc7 37. Bc4 {intending Qh7.} Ba5 38. Rg1 (38. Re3 {might work better.}) 38... Bc3 (38... Qxf3 39. Rd1 $19) 39. c6 Bxb2 ({But not} 39... Qxf3 40. Bxe6 fxe6 41. Qh7 $19) 40. Qxb2 Qxf3 ({Black should play} 40... Nc7 $19 41. Qb7 Qf5+ 42. Ka1 Qa5) 41. Bxe6 Qe4+ 42. Ka1 Qxe6 $17 {[%mdl 4096] Endgame KQR-KQR} 43. c7 Rc8 44. Qxd4 f6 (44... Qf6 $15 45. Qxf6 gxf6) 45. Qd8+ $11 {The position is equal.} Kf7 46. f4 f5 {White must now prevent ...Qf6+.} 47. Rd1 Qf6+ 48. Rd4 Kg6 {[#] Hoping for ...Rxc7!} 49. Qxc8 {And White is the lucky defender.  Weighted Error Value: White=0.21/Black=0.13} 1/2-1/2

[Event "74th RUS-ch Superfinal 2021"]
[Site "Ufa"]
[Date "2021.10.16"]
[Round "7.2"]
[White "Vitiugov, Nikita"]
[Black "Motylev, Alexander"]
[Result "1/2-1/2"]
[WhiteElo "2727"]
[BlackElo "2624"]
[Annotator "TA"]
[PlyCount "156"]
[EventDate "2021.10.09"]
[EventType "tourn"]
[EventCountry "RUS"]
[SourceTitle "playchess.com"]
[Source "ChessBase"]
[SourceQuality "1"]

{[%evp 17,156,18,34,20,41,0,38,40,43,39,56,29,30,36,47,51,35,6,18,18,18,22,18,18,25,19,22,18,24,18,15,18,18,24,27,24,29,21,16,15,55,42,46,28,79,69,74,60,66,67,64,66,117,117,118,118,118,67,67,34,157,140,162,161,189,182,170,170,177,165,189,189,193,135,133,102,116,60,63,60,72,8,8,8,8,8,8,8,8,8,8,8,8,8,8,8,8,8,8,0,0,0,8,8,8,8,8,10,10,8,8,8,8,8,8,8,17,0,8,8,8,8,8,8,8,8,8,8,8,8,8,8,8,0,8,8,8,8,8,8,8]} 1. d4 d5 2. c4 c6 3. Nf3 Nf6 4. e3 Bf5 5. Nc3 e6 6. Nh4 Be4 7. f3 Bg6 8. Qb3 Qb6 9. Nxg6 hxg6 10. Bd2 {D12: Slav Defence: 3 Nf3 Nf6 4 e3 Bf5.} Nbd7 11. Kf2 Be7 (11... Qc7 {keeps more tension.} 12. cxd5 exd5 13. Kg1 Bd6 14. h4 g5) 12. Qxb6 {White is slightly better.} axb6 13. a4 O-O {[#]} 14. g4 $146 ({Predecessor:} 14. cxd5 exd5 15. Bd3 Rfd8 16. g4 Ne8 17. h4 Nf8 18. g5 Ne6 19. Ne2 c5 20. Bc3 {1-0 (52) Saduakassova,D (2428)-Nechaeva,M (2406) Teheran 2017}) 14... g5 15. h4 gxh4 16. g5 $1 {[%cal Rg5f6]} Ne8 17. e4 {[%cal Re4d5]} dxe4 18. Nxe4 Nd6 19. Nxd6 Bxd6 20. Rxh4 f5 $1 21. gxf6 Nxf6 22. Bd3 {aiming for Bg6.} Kf7 23. b3 Rh8 24. Rah1 Rxh4 25. Rxh4 e5 26. dxe5 Bxe5 27. Be3 Rd8 28. Bf5 c5 29. Ke2 Re8 30. Kd3 Rd8+ (30... g6 $11 31. Bg4 Rd8+ 32. Kc2 Nxg4 33. fxg4 (33. Rxg4 Rh8 $11) 33... Rd7) 31. Kc2 $16 Re8 32. Bd2 Bg3 33. Rh3 Be1 34. Bf4 Ba5 (34... Bf2 $14) 35. Rh2 g6 36. Bd3 Nh5 37. Bc1 (37. Bg5 $16) 37... Re1 $1 $14 38. Be4 {Black must now prevent Bd5+.} Nf6 (38... Ng3 $1 $14) 39. Bxb7 $16 Re7 40. Bd5+ Nxd5 41. cxd5 $18 {[%mdl 4096] Endgame KRB-KRB} Re5 42. Rh7+ Ke8 43. d6 Rd5 44. Re7+ Kd8 45. Re6 ({White should try} 45. Bf4 $18) 45... g5 $16 46. Rg6 Kd7 47. Bxg5 (47. Rxg5 $16 Rxd6 48. Be3) 47... Rf5 $14 48. f4 {Hoping for Rf6.} Rd5 $1 49. Bh4 ({White should play} 49. Be7 $16) 49... Rd2+ $11 {The position is equal.} 50. Kc1 Rd4 $1 51. Bf2 Rxf4 52. Bg3 Rd4 53. Rg7+ Kc6 54. Be5 Rd3 55. Rc7+ Kd5 56. Bf4 Rd4 57. Rf7 Kc6 58. Rc7+ Kd5 59. Rf7 Kc6 60. Be5 Rd3 61. Ra7 Kd5 62. Bf4 Kc6 63. Kc2 Rd4 $1 {[%cal Rd4f4]} 64. Rc7+ Kd5 65. Rf7 Kc6 66. Rf8 Kd7 67. Rf6 Kc6 68. Rf7 b5 69. axb5+ Kxb5 70. Rf5 Bb4 71. Rf8 Ba5 72. Rb8+ Kc6 73. Rc8+ Kb7 (73... Kd7 $5 {[%cal Rd7c8]} 74. Rxc5 Rxf4 $11) 74. Rf8 Kc6 75. Rc8+ Kb7 76. Rxc5 Rxf4 77. Rxa5 {[#] Threatens to win with Rd5.} Rd4 78. Rb5+ Kc6 {Black defended with fortune.  Weighted Error Value: White=0.10/Black=0.10} 1/2-1/2

[Event "74th RUS-ch Superfinal 2021"]
[Site "Ufa"]
[Date "2021.10.16"]
[Round "7.3"]
[White "Esipenko, Andrey"]
[Black "Ponkratov, Pavel"]
[Result "1/2-1/2"]
[WhiteElo "2720"]
[BlackElo "2659"]
[Annotator "TA"]
[PlyCount "80"]
[EventDate "2021.10.09"]
[EventType "tourn"]
[EventCountry "RUS"]
[SourceTitle "playchess.com"]
[Source "ChessBase"]
[SourceQuality "1"]

{[%evp 9,80,75,76,74,74,75,79,76,72,72,68,70,96,92,104,76,133,131,135,133,194,183,185,183,185,174,158,162,163,164,147,116,118,106,189,150,142,0,0,0,0,0,0,0,0,0,0,0,0,0,0,0,0,0,0,0,0,0,0,0,0,0,0,0,0,0,0,0,0,0,0,0,0]} 1. d4 e6 2. c4 Bb4+ 3. Bd2 a5 4. e4 {[#]} c5 $146 ({Predecessor:} 4... d5 5. e5 c5 6. Nf3 Nc6 7. cxd5 exd5 8. Bb5 Nge7 9. O-O O-O 10. Bg5 cxd4 11. a3 Bc5 12. Nbd2 Qb6 {1-0 (46) Leenhouts,K (2502)-Noritsyn,N (2658) Chess.com INT 2020}) 5. d5 exd5 6. exd5 {A40: Unusual replies to 1 d4.} Nf6 7. Qe2+ Kf8 8. a3 {White is better.} Bxd2+ 9. Qxd2 d6 10. Nc3 Bf5 11. Nge2 h5 12. Ng3 Bg4 (12... Qe7+ $142 13. Be2 Bg6) 13. Qf4 $16 Ra6 14. h4 Rb6 {[#]} (14... Bc8 $16 15. Nb5 Qe8+ 16. Kd2 Qe5 17. Qxe5 dxe5) 15. f3 $1 $18 {[%cal Rf3g4]} Bc8 16. O-O-O Nbd7 17. Bd3 Ne5 18. Bc2 Bd7 19. Rhe1 Rh6 20. Nf1 Ng8 21. Ne3 Ng6 (21... Ra6 $16 22. Qg3 Ne7) 22. Qg5 Qf6 23. Bf5 (23. Rh1 $16) 23... Nxh4 $11 {The position is equal.} 24. Qxf6 Nxf6 25. Bxd7 Nxd7 26. Rh1 g5 27. Ne4 Rb3 28. Rde1 Ne5 29. Kc2 a4 30. Nxg5 Nd3 31. Ref1 Ng6 32. Nf5 Ngf4 $1 33. Nxh6 Rxb2+ 34. Kc3 {Rb1 is the strong threat.} Rb3+ {[%mdl 64] [#] Double Attack} 35. Kc2 {aiming for Rb1.} Rb2+ 36. Kc3 {And now Rb1 would win.} Rb3+ {[%mdl 64] Double Attack} 37. Kc2 {Black must now prevent Rb1.} Rb2+ 38. Kc3 Rb3+ {[%mdl 64] Double Attack} 39. Kc2 {Threatens to win with Rb1.} Rb2+ 40. Kc3 {Strongly threatening Rb1.} Rb3+ {[%mdl 64] Double Attack. Black defended with fortune.  Weighted Error Value: White=0.07/Black=0.07} 1/2-1/2

[Event "74th RUS-ch Superfinal 2021"]
[Site "Ufa"]
[Date "2021.10.16"]
[Round "7.4"]
[White "Rakhmanov, Aleksandr"]
[Black "Andreikin, Dmitry"]
[Result "0-1"]
[WhiteElo "2657"]
[BlackElo "2728"]
[Annotator "TA"]
[PlyCount "90"]
[EventDate "2021.10.09"]
[EventType "tourn"]
[EventCountry "RUS"]
[SourceTitle "playchess.com"]
[Source "ChessBase"]
[SourceQuality "1"]

{[%evp 13,90,8,19,7,10,1,10,0,7,-3,0,0,0,0,0,0,0,-12,6,20,11,0,18,20,34,32,49,17,41,33,31,35,56,47,52,38,150,154,151,117,124,0,0,-43,-53,-25,-42,-33,-33,-48,-78,-90,-95,-63,-95,-83,-92,-78,145,-333,-306,-279,-223,-518,-525,-510,-522,-439,-558,-963,-950,-931,-907,-1170,-1061,-1708,-1675,-1617,-1120]} 1. d4 d5 2. c4 e6 3. Nc3 c6 4. cxd5 exd5 5. Bf4 Bd6 6. Bxd6 Qxd6 7. e3 Ne7 8. Bd3 {D31: Queen's Gambit Declined: Semi-Slav without ...Nf6 (+ Marshall Gambit and Noteboom) and Exchange Variation lines without ...Nf6.} Bf5 9. Nge2 {The main line 9.Nge2 scores better than 9.Nf3.} Nd7 {[%cal Bb8d7,Bd7f6,Bf6g4][%mdl 32]} 10. O-O {The position is equal.} O-O 11. Nf4 {[#]} Nf6 $5 $146 {[%mdl 8] New and interesting.} ({Predecessor:} 11... Rfe8 12. Qd2 Nb6 13. b3 a5 14. a4 Qh6 15. Nce2 Nbc8 16. b4 axb4 17. Qxb4 Qd6 18. Qxb7 {1-0 (90) Karjakin,S (2773)-Aronian,L (2767) Saint Louis 2018}) 12. Qf3 Qd7 13. Qg3 Rae8 14. Rfe1 Ng6 15. Be2 Bg4 16. Bxg4 Nxg4 17. h3 {And now Nxg6 would win.} Nh6 18. Nd3 Ne7 19. Nc5 Qc8 20. Qd6 b6 21. Nd3 $36 {[%mdl 2048] White is more active.} Nhf5 22. Qf4 f6 23. b4 g5 24. Qg4 h5 (24... Nd6 $14) 25. Qxh5 $16 Kg7 26. Qg4 Rh8 27. g3 ({White should play} 27. Rec1 $16) 27... Rh6 $11 28. Kg2 Reh8 29. Rh1 {[#]} Rxh3 $1 30. Qxh3 Rxh3 31. Rxh3 Qa6 32. Nc1 Qa3 33. N1e2 Qxb4 34. Rah1 b5 35. Rh7+ Kg6 $2 {[#]} (35... Kf8 $1 $17 {keeps the pressure on.}) 36. Rh8 $2 {[%mdl 8192] [#]} (36. Nf4+ $1 $16 {[%mdl 512] is forced if you want to stay better.} gxf4 37. Ne2 f3+ 38. Kxf3) 36... Qc4 $1 $19 {Threatens to win with ...b4.} 37. a3 a5 {[%cal Ba7a5,Ba5b4][%mdl 32]} 38. Ra8 $2 (38. Re1) 38... b4 {Black is clearly winning.} 39. axb4 axb4 40. Ra4 c5 41. Rd1 cxd4 42. exd4 Nc6 43. Rc1 Ncxd4 44. Nxd4 Nxd4 45. Na2 Qb3 {Black used his chance.  Weighted Error Value: White=0.62/Black=0.22} 0-1

[Event "74th RUS-ch Superfinal 2021"]
[Site "Ufa"]
[Date "2021.10.16"]
[Round "7.5"]
[White "Chigaev, Maksim"]
[Black "Goryachkina, Aleksandra"]
[Result "1/2-1/2"]
[WhiteElo "2639"]
[BlackElo "2602"]
[Annotator "TA"]
[PlyCount "80"]
[EventDate "2021.10.09"]
[EventType "tourn"]
[EventCountry "RUS"]
[SourceTitle "playchess.com"]
[Source "ChessBase"]
[SourceQuality "1"]

{[%evp 11,80,8,10,6,19,2,0,14,16,16,16,16,14,10,14,13,13,2,2,1,1,-31,-31,-35,-31,-37,8,22,24,-8,-8,-7,-12,-12,-14,-14,0,-2,-14,0,0,0,0,0,0,0,0,-22,-25,-45,-45,-45,-45,-45,-45,-55,-28,-24,-13,-45,-13,-45,-13,-20,-13,-45,0,-21,0,-45,0]} 1. e4 e5 2. Nf3 Nc6 3. Bb5 Nf6 4. d3 Bc5 5. Nc3 d6 6. Bg5 h6 7. Bh4 {C48: Four Knights: 4 Bb5, replies other than 4...Bb4.} Bb4 {[#]} 8. a3 $146 ({Predecessor:} 8. Bxc6+ bxc6 9. a3 Bxc3+ 10. bxc3 Bg4 11. h3 Bh5 12. g4 Bg6 13. Nd2 d5 14. f3 Rb8 {½-½ (25) Brodmann,J (1325)-Kolschewski,T (1186) Hamburg 2008}) 8... Bxc3+ 9. bxc3 {The position is equal.} a6 10. Bxc6+ bxc6 11. Nd2 Qe7 12. Qe2 Qe6 13. Nc4 Nd7 14. Ne3 Nf8 15. Nf5 Qg6 16. g4 f6 17. h3 h5 18. Kd2 Bxf5 (18... Qh7 {keeps more tension.} 19. f3 Ne6 20. Rag1 g6 21. Ne3 O-O) 19. gxf5 Qh6+ 20. Kd1 g5 21. Bg3 h4 22. Bh2 Nd7 23. f3 O-O 24. Bg1 Rfb8 25. Be3 Rb2 26. Ke1 Rab8 27. Kf2 Qh5 28. Rhg1 Kf8 29. c4 c5 30. Bc1 Rb1 31. Rxb1 Rxb1 32. Re1 Ke7 (32... Rb6 {is more complex.} 33. Bd2 Nb8 34. Ba5 Rb7 35. Qf1 Nc6) 33. Be3 Rxe1 (33... Rb6 {with more complications.} 34. Rc1 Nb8 35. Qe1 Nc6 36. Rb1 Qe8) 34. Qxe1 Qe8 35. Qc1 Kf7 36. Qb1 Qb8 37. Qc1 Qd8 38. Bd2 Qb8 39. Be3 Qd8 40. Bd2 Qb8 {Weighted Error Value: White=0.08/Black=0.08} 1/2-1/2

[Event "74th RUS-ch Superfinal 2021"]
[Site "Ufa"]
[Date "2021.10.16"]
[Round "7.6"]
[White "Predke, Alexandr"]
[Black "Fedoseev, Vladimir"]
[Result "0-1"]
[WhiteElo "2666"]
[BlackElo "2704"]
[Annotator "TA"]
[PlyCount "158"]
[EventDate "2021.10.09"]
[EventType "tourn"]
[EventCountry "RUS"]
[SourceTitle "playchess.com"]
[Source "ChessBase"]
[SourceQuality "1"]

{[%evp 13,158,26,30,18,25,12,15,8,21,13,28,43,63,46,58,35,82,81,85,82,90,85,81,85,70,32,50,39,49,29,33,37,59,49,54,0,0,0,0,0,0,0,0,0,0,0,0,0,0,0,0,0,0,0,43,-18,-14,-14,-14,-14,-14,-14,-14,-14,0,0,0,0,0,0,0,-14,0,-14,0,0,0,0,0,0,0,0,0,0,0,0,0,0,0,0,0,0,0,0,0,0,0,0,0,0,0,0,0,0,0,0,0,0,0,0,0,0,0,0,0,0,0,0,0,0,0,0,0,0,0,0,0,-17,-6,-7,-14,-133,-134,-164,-159,-224,-229,-270,-270,-254,-246,-241,-241,-996,-985,-5077,-5035]} 1. d4 d5 2. c4 c6 3. Nf3 Nf6 4. e3 Bf5 5. Nc3 e6 6. Nh4 Bg6 7. Nxg6 hxg6 8. Bd2 {D12: Slav Defence: 3 Nf3 Nf6 4 e3 Bf5.} Qc7 9. Qb3 Nbd7 10. cxd5 {The position is equal. is the legacy move (10.g3).} exd5 11. O-O-O Ng4 12. Be1 {[#]} Bd6 $146 ({Predecessor:} 12... f5 13. Be2 Ngf6 14. Kb1 Nb6 15. h3 Qf7 16. Qc2 Qe6 17. Bd2 Ne4 18. Nxe4 dxe4 {1-0 (36) Burcu,C (2283)-Skenderovic,N (1894) Palic 2017}) 13. Kb1 Ndf6 14. h3 Kf8 15. Bd3 Re8 16. Rg1 Nh6 17. g4 {Black must now prevent g5.} Nhg8 18. g5 Nd7 19. Rh1 (19. Rc1 $5 {[%cal Rc3b5]} Qb8 20. Rh1 $14) 19... Nb6 20. h4 Ne7 21. Rc1 Qd7 22. Qd1 Kg8 23. h5 Qe6 24. Qf3 ({Better is} 24. Bd2 $14) 24... gxh5 $11 25. Rxh5 Rxh5 26. Qxh5 {Strongly threatening Qh7+.} g6 27. Qf3 Kg7 28. e4 dxe4 29. Nxe4 {Qf6+ is the strong threat.} Nbd5 30. Nxd6 Qxd6 31. Bd2 Rh8 32. Re1 Kg8 33. a3 Qh2 34. Re5 ({White should try} 34. Bc4 $14 b5 35. Rxe7 $1 Qh1+ 36. Qxh1 Rxh1+ 37. Re1 Rxe1+ 38. Bxe1 bxc4 39. Kc2) 34... Qh1+ 35. Qxh1 Rxh1+ 36. Kc2 Kf8 37. Be4 Rh2 38. f3 Nf4 39. Kd1 Rh1+ 40. Kc2 Rh2 41. Kd1 Nfd5 42. b3 Rh4 43. Kc2 Rh1 44. a4 Rh2 45. Kd1 a6 46. a5 Rg2 47. Kc1 Rg1+ 48. Kc2 Rh1 49. Kb2 Rh3 50. Kc2 Kg7 51. Kd1 Rh1+ 52. Kc2 Rh8 53. Kb2 {aiming for Bb4!} Rd8 54. Kc2 Rd7 55. Bd3 Nc7 56. Bc4 Ned5 57. Kd3 Rd8 58. Re4 Ne6 59. Re5 Kf8 60. Ke4 {[%cal Rc4d5]} Nec7 61. f4 Kg7 62. f5 gxf5+ 63. Rxf5 Rh8 64. Rf2 Kg6 65. Ke5 Re8+ 66. Kd6 Rd8+ 67. Ke5 Nb5 {[%cal Rd8e8]} 68. Ke4 Nd6+ 69. Kd3 Nf5 70. Rh2 Nf4+ 71. Kc3 Rxd4 72. Rh6+ Kxg5 $17 73. Rh7 Kg6 74. Rh8 {[#]} (74. Rxf7 $17 {is a better defense.} Ne2+ 75. Bxe2 Kxf7 76. Bd3) 74... Nd5+ $1 $19 75. Kc2 Nfe3+ 76. Bxe3 Nxe3+ 77. Kc3 Rd7 78. Kb4 $2 (78. Rg8+ Kh6 79. Be2) 78... Nxc4 79. bxc4 f5 {Weighted Error Value: White=0.06/Black=0.04} 0-1

[Event "74th RUS-ch Superfinal 2021"]
[Site "Ufa"]
[Date "2021.10.17"]
[Round "8.1"]
[White "Matlakov, Maxim"]
[Black "Fedoseev, Vladimir"]
[Result "1/2-1/2"]
[WhiteElo "2682"]
[BlackElo "2704"]
[Annotator "TA"]
[PlyCount "81"]
[EventDate "2021.10.09"]
[EventType "tourn"]
[EventCountry "RUS"]
[SourceTitle "playchess.com"]
[Source "ChessBase"]
[SourceQuality "1"]

{[%evp 25,81,0,0,0,37,42,59,0,27,33,35,-20,-19,-11,33,22,93,86,83,89,86,85,93,93,85,77,70,76,78,72,63,69,79,63,91,74,107,87,115,106,115,110,114,116,109,122,173,96,94,94,94,94,108,96,116,52,47,0]} 1. e4 e6 2. d4 d5 3. Nc3 Bb4 4. e5 c5 5. a3 Bxc3+ 6. bxc3 Ne7 7. Qg4 Qc7 8. Bd3 cxd4 9. Ne2 dxc3 10. Qxg7 Rg8 11. Qxh7 Qxe5 12. Bf4 Qf6 13. h4 Rxg2 {[#] was the old line (13...Nd7).} 14. O-O-O $5 $146 {[%mdl 8] An interesting novelty. C18: French: 3 Nc3 Bb4: Main line: 7 h4 and 7 Qg4.} ({Predecessor:} 14. Kf1 Rg8 15. Rg1 Rh8 16. Bg5 Rxh7 17. Bxf6 Rh6 18. Bg5 Rh8 19. Bf6 Rh6 20. Bg5 Rh8 21. Bf6 {½-½ (21) Leko,P (2728)-Shirov,A (2713) Saratov 2011}) 14... Nbc6 (14... Rxf2 15. Bg5 $18) 15. Bg5 Qe5 16. Bf4 (16. Rde1 $1 $14) 16... Qg7 17. Qxg7 Rxg7 18. Nxc3 (18. h5 $1 $14 f5 19. Bd6 (19. Nxc3 e5 $11)) 18... e5 $11 19. Bg5 Bg4 20. Rde1 e4 {[#]} (20... Bf3 $11 {remains equal.} 21. Bf6 Rg4) 21. Nxd5 $1 $16 {Strongly threatening Nf6+.} exd3 (21... Nxd5 $2 22. Bxe4 Nde7 23. Bxc6+ bxc6 24. Rxe7+ Kf8 25. Rhe1 $18) 22. Nf6+ ({Much weaker is} 22. Bxe7 Nxe7 23. Nc7+ (23. Rxe7+ Kf8 $15) (23. Nxe7 Be6 $17) 23... Kd7 $11) (22. cxd3 Kf8 $15) 22... Kf8 23. Nxg4 {Black must now prevent Bh6.} Rg6 24. Nf6 {h5 is the strong threat.} Kg7 25. Nh5+ Kf8 26. Nf4 d2+ {[%mdl 64] Decoy} 27. Kxd2 Rd6+ 28. Nd3 f6 29. Bf4 Rd5 30. h5 $36 {[%mdl 2048] White is really pushing.} Nd4 {White should prevent ...Nf3+.} 31. Rh3 Nef5 32. c3 Nc6 33. Kc2 Rc8 34. Nb4 Nxb4+ 35. axb4 Rd4 (35... a5 $16) 36. h6 Kg8 ({Avoid the trap} 36... Rxf4 $2 37. h7 $18) 37. Be3 Rxb4 38. Bxa7 Ra4 39. Bb6 Ra6 40. Bc5 Kh7 $14 ({Worse is} 40... Rxc5 41. h7+ Kf7 42. h8=Q Ra2+ 43. Kb3 Rb5+ 44. Kxa2 Ra5+ 45. Kb3 Rb5+ 46. Kc2) 41. Rd1 {Weighted Error Value: White=0.12/Black=0.14} 1/2-1/2